अभिनव शंकर भाग -2/ (Record no. 201448)

MARC details
000 -LEADER
fixed length control field 00900nam a22001817a 4500
005 - DATE AND TIME OF LATEST TRANSACTION
control field 20240313115949.0
010 ## - LCCN (DPL NO)
LC control number HIN-127068
020 ## - INTERNATIONAL STANDARD BOOK NUMBER
International Standard Book Number 9789392655412
Terms of availability 200.00
035 ## - SYSTEM CONTROL NUMBER
System control number HN-99414
037 ## - SOURCE OF ACQUISITION
Source of stock number/acquisition DBAD/PUB
082 ## - DEWEY DECIMAL CLASSIFICATION NUMBER
Classification number 181.41
245 ## - TITLE STATEMENT
Title अभिनव शंकर भाग -2/
Statement of responsibility, etc त्रयम्बकेश्वर ब्रहमचारी द्वारा संकलित;गुण प्रकाश चैतन्य द्वारा सम्पादित
260 ## - PUBLICATION, DISTRIBUTION, ETC. (IMPRINT)
Place of publication, distribution, etc बीकानेर
Name of publisher, distributor, etc कलासन प्रकाशन
270 ## - ADDRESS
Address कल्याणी भवन मॉडर्न मार्किट
City बीकानेर
300 ## - PHYSICAL DESCRIPTION
Extent 368पृष्ठ;
Dimensions 23 सेमी(सजिल्द)
710 ## - ADDED ENTRY--CORPORATE NAME
9 (RLIN) 63193
Corporate name or jurisdiction name as entry element चैतन्य,गुण प्रकाश
942 ## - ADDED ENTRY ELEMENTS (KOHA)
Source of classification or shelving scheme Dewey Decimal Classification
Item type Hindi Books
Classification part 181.41
Call number suffix त्रयम्ब
Holdings
Withdrawn status Lost status Not for loan Collection code Home library Current library Date acquired Source of acquisition Cost, normal purchase price Full call number Barcode Copy number Cost, replacement price Koha item type
      Non-fiction Tri Nagar Tri Nagar 13/03/2024 DBAD/PUB 200.00 181.41 त्रयम्ब HN-99414 1 200.00 Hindi Books

© Delhi Public Library
Hit Counter
free hit counter